Estadísticas para 15 principales países con muertes de Covid-19 - 8 mar 2021

Haz click aquí para intentar la prueba.

Estadísticas generales

  • Esta prueba ha sido intentada 4 veces
  • La puntuación promedio es 17 de 24

Estadísticas de respuestas

país% Correcto
Alemania
100%
Brasil
100%
España
100%
Estados Unidos
100%
Francia
100%
Italia
100%
México
100%
Perú
100%
Rusia
100%
Sudáfrica
100%
India
75%
Portugal
75%
Argentina
50%
Bélgica
50%
Bosnia y Herzegovina
50%
Chequia
50%
Colombia
50%
Eslovaquia
50%
Eslovenia
50%
Hungría
50%
Irán
50%
Reino Unido
50%
Bulgaria
25%
Macedonia del Norte
25%

Distribución de puntuación

Porcentaje por número respondido

Porcentaje de gente con cada puntuación

Historial de tus puntuaciones

No has intentado esta prueba.